| 000 | 01801nam a22001577a 4500 | ||
|---|---|---|---|
| 041 | _aukr | ||
| 080 | _a09 | ||
| 090 | _bОНО | ||
| 100 | _aОнофрійчук К.М. | ||
| 245 | _aЛексико-семантичні особливості реклами парфумів для чоловіків та жінок | ||
| 260 |
_aОстрог _bКАФ _c2007 |
||
| 300 | _a54 | ||
| 520 |
_aВСТУП
РОЗДІЛ 1 РЕКЛАМНЕ ПОВІДОМЛЕННЯ ЯК ФОРМА КОМУНІКАЦІЇ ТА ПЕРЕДАЧА ІНФОРМАЦІЇ
1.1 Природа та сутність реклами.
1.2 Специфіка друкованої реклами.
1.3 Складові рекламного тексту.
1.4 Передача рекламного повідомлення через розмаїття жанрів та форм.
1.5 Граматичні нюанси рекламних оголошень.
1.5.1 Лексичні осбливості реклам.
РОЗДІЛ 2 ЛЕКСИКО-СЕМАНТИЧНІ ОСОБЛИВОСТІ РЕКЛАМИ ПАРФУМІВ
2.1 Лексико-стилістичні особливості реклами парфумів.
2.2 Способи передачі запахів парфумів через використання особливого лексичного навантаження рекламного тексту.
2.3 Мотиваційні елементи рекламних слоганів парфумерної продукції а також способи вираження обєкта та адресата реклами на прикладі лексичних моделей рекламних повідомлень.
ВИСНОВКИ _0реклама,парфуми |
||
| 650 | _aResearch Papers | ||
| 999 |
_c283937 _d283937 |
||
| 942 | _cBK | ||